000 00498nam a22002057a 4500
003 bpm
005 20260409104907.0
008 260409b |||||||| |||| 00| j spa d
022 _a9789877302332
024 _aS. C. C. / M. C. y E. M.:
040 _aAR-CtUCP
041 _aspa
080 _aCDU
100 _aAvendaño Ernesto
245 _aRelatos wichi
260 _aResistencia
_bContexto
_c2017
650 _aLenguas aborígenes - Lenguas - Relatos
942 _cLIB
999 _c76624
_d76624